[Event "Guba op"]
[Site "Guba"]
[Date "2025.07.18"]
[Round "4"]
[White "Zeynalli, Alisafa"]
[Black "Ahmadli, Nihad1"]
[Result "1/2-1/2"]
[WhiteElo "1861"]
[BlackElo "1790"]
[PlyCount "36"]
[EventDate "2025.07.16"]
[EventType "swiss"]
[EventRounds "9"]
[EventCountry "AZE"]
[SourceTitle "CB30_2025"]
[SourceDate "2025.07.23"]
[SourceVersion "1"]
[SourceVersionDate "2025.07.23"]
[SourceQuality "1"]

1. e4 e6 2. d4 d5 3. Nc3 Bb4 4. e5 c5 5. Bd2 Ne7 6. a3 Bxc3 7. bxc3 Nbc6 8. Qg4 0-0 9. Nf3 f5 10. exf6 Rxf6 11. Ne5 Qc7 12. Nxc6 Nxc6 13. Qh4 e5 14. dxc5 Bf5 15. Bd3 Raf8 16. 0-0 Qa5 17. Rab1 Bxd3 18. cxd3 R6f7 1/2-1/2

[Event "Lancaran op-B"]
[Site "Lancaran"]
[Date "2025.07.11"]
[Round "6"]
[White "Orujov, Hazrat Azar Oglu"]
[Black "Zeynalli, Alisafa"]
[Result "1/2-1/2"]
[WhiteElo "1866"]
[BlackElo "1861"]
[PlyCount "28"]
[EventDate "2025.07.07"]
[EventType "swiss"]
[EventRounds "9"]
[EventCountry "AZE"]
[SourceTitle "CB29_2025"]
[SourceDate "2025.07.16"]
[SourceVersion "1"]
[SourceVersionDate "2025.07.16"]
[SourceQuality "1"]

1. Nf3 Nf6 2. g3 b6 3. Bg2 Bb7 4. 0-0 g6 5. d4 Bg7 6. c4 0-0 7. Nc3 Ne4 8. Bd2 Nxd2 9. Qxd2 d6 10. d5 c6 11. Nd4 Qd7 12. f4 e5 13. dxc6 Nxc6 14. Ndb5 a6 1/2-1/2

[Event "Lancaran op-B"]
[Site "Lancaran"]
[Date "2025.07.11"]
[Round "7"]
[White "Zeynalli, Alisafa"]
[Black "Rustamov, Tunjay"]
[Result "1-0"]
[WhiteElo "1861"]
[BlackElo "1713"]
[PlyCount "85"]
[EventDate "2025.07.07"]
[EventType "swiss"]
[EventRounds "9"]
[EventCountry "AZE"]
[SourceTitle "CB29_2025"]
[SourceDate "2025.07.16"]
[SourceVersion "1"]
[SourceVersionDate "2025.07.16"]
[SourceQuality "1"]

1. e4 c6 2. d4 d5 3. Nc3 dxe4 4. Nxe4 Nf6 5. Nxf6+ exf6 6. c3 Bd6 7. Bd3 0-0 8. Qc2 Re8+ 9. Ne2 h6 10. Be3 Nd7 11. 0-0-0 Nf8 12. h4 Be6 13. Kb1 a5 14. Rdg1 h5 15. Bf5 Bxf5 16. Qxf5 g6 17. Qd3 f5 18. Qd2 Qe7 19. Ka1 b5 20. Re1 Qe4 21. Bf4 Qd5 22. f3 a4 23. Bxd6 Qxd6 24. g4 fxg4 25. fxg4 hxg4 26. h5 Nh7 27. hxg6 Qxg6 28. Reg1 Kg7 29. Nf4 Qf5 30. Rh5 Qe4 31. Rxg4+ Kh8 32. Ng6+ fxg6 33. Rxe4 Rxe4 34. Rh2 Rae8 35. a3 Re1+ 36. Ka2 R1e7 37. Qh6 Rg8 38. Qg5 Rf7 39. Qe5+ Rfg7 40. Rh6 g5 41. Rg6 g4 42. Rxg4 Ng5 43. Rxg5 1-0

[Event "Lancaran op-B"]
[Site "Lancaran"]
[Date "2025.07.09"]
[Round "4"]
[White "Heydarli, Nihal"]
[Black "Zeynalli, Alisafa"]
[Result "0-1"]
[WhiteElo "1539"]
[BlackElo "1861"]
[PlyCount "76"]
[EventDate "2025.07.07"]
[EventType "swiss"]
[EventRounds "9"]
[EventCountry "AZE"]
[SourceTitle "CB29_2025"]
[SourceDate "2025.07.16"]
[SourceVersion "1"]
[SourceVersionDate "2025.07.16"]
[SourceQuality "1"]

1. e4 e6 2. d4 d5 3. Nc3 Nf6 4. e5 Nfd7 5. Qg4 c5 6. Nf3 Nc6 7. Nb5 cxd4 8. Nd6+ Bxd6 9. exd6 0-0 10. Bg5 f6 11. Qxe6+ Kh8 12. Qxd5 fxg5 13. Nxg5 Nde5 14. h4 Qa5+ 15. Qxa5 Nxa5 16. Bb5 h6 17. Ne4 Bf5 18. Nc5 b6 19. Na6 Rad8 20. Nb4 Rxd6 21. 0-0 Nac6 22. f4 Nxb4 23. fxe5 Rdd8 24. c3 Nc2 25. Rac1 d3 26. Rf3 Bg6 27. Rf2 Rxf2 28. Kxf2 Rf8+ 29. Kg3 Ne3 30. Ba4 d2 31. Ra1 b5 32. Bb3 Bf7 33. Bd1 Bd5 34. Be2 Rf5 35. Kh2 Rf2 36. Bd1 Rxg2+ 37. Kh1 Rg6+ 38. Kh2 Nf1+ 0-1

[Event "Lancaran op-B"]
[Site "Lancaran"]
[Date "2025.07.08"]
[Round "3"]
[White "Zeynalli, Alisafa"]
[Black "Jafarov, Rasul"]
[Result "1/2-1/2"]
[WhiteElo "1861"]
[BlackElo "1628"]
[PlyCount "111"]
[EventDate "2025.07.07"]
[EventType "swiss"]
[EventRounds "9"]
[EventCountry "AZE"]
[SourceTitle "CB29_2025"]
[SourceDate "2025.07.16"]
[SourceVersion "1"]
[SourceVersionDate "2025.07.16"]
[SourceQuality "1"]

1. e4 c6 2. d4 d5 3. Nc3 g6 4. e5 Bg7 5. f4 h5 6. Nf3 Bg4 7. Be2 e6 8. 0-0 Ne7 9. Nh4 Bxe2 10. Nxe2 Nd7 11. c3 a5 12. Ng3 Nf5 13. Ngxf5 exf5 14. Qe1 Nf8 15. e6 fxe6 16. b3 Kf7 17. Nf3 Bf6 18. Rb1 Nd7 19. Ba3 Qc7 20. Qe3 Rhe8 21. h3 a4 22. Ne5+ Nxe5 23. fxe5 Be7 24. b4 h4 25. Rf2 Rg8 26. Bc1 b5 27. Qf3 Ke8 28. g4 hxg3 29. Qxg3 Kd7 30. h4 Rh8 31. Bg5 Qd8 32. Rh2 Bxg5 33. hxg5 Qe7 34. Rbb2 Qg7 35. Rxh8 Rxh8 36. Rh2 Rh7 37. Qf4 Rh5 38. Rxh5 gxh5 39. Kg2 Ke7 40. Kh3 h4 41. a3 Kf7 42. Qxh4 Kg6 43. Kg3 Qf8 44. Kf4 Qg7 45. Kg3 Qh7 46. Qxh7+ Kxh7 47. Kh3 Kg7 48. Kg3 Kf7 49. Kh3 Kg7 50. Kg3 Kg6 51. Kh4 f4 52. Kg4 f3 53. Kxf3 Kxg5 54. Kg3 Kh5 55. Kh3 Kg5 56. Kg3 1/2-1/2

[Event "Sheki op-B"]
[Site "Sheki"]
[Date "2025.06.20"]
[Round "3"]
[White "Azizbayli, Atabay"]
[Black "Zeynalli, Alisafa"]
[Result "0-1"]
[WhiteElo "1645"]
[BlackElo "1850"]
[PlyCount "116"]
[EventDate "2025.06.19"]
[EventType "swiss"]
[EventRounds "9"]
[EventCountry "AZE"]
[SourceTitle "CB27_2025"]
[SourceDate "2025.07.02"]
[SourceVersion "1"]
[SourceVersionDate "2025.07.02"]
[SourceQuality "1"]

1. c4 Nf6 2. g3 g6 3. Bg2 Bg7 4. Nc3 0-0 5. Nf3 d6 6. 0-0 Nc6 7. d3 e5 8. Rb1 a5 9. a3 h6 10. h3 Nh5 11. b4 f5 12. e4 f4 13. g4 Nf6 14. b5 Ne7 15. d4 Nd7 16. d5 b6 17. a4 g5 18. Ba3 Nf6 19. Ne1 h5 20. f3 hxg4 21. hxg4 Kf7 22. Nd3 Nd7 23. Kf2 Ng6 24. Rh1 Nh4 25. Bf1 Rh8 26. Be2 Rh6 27. Ne1 Qh8 28. Ng2 Nf6 29. Qg1 Bd7 30. Nxh4 Rxh4 31. Qg2 Qh7 32. Rbg1 Rh8 33. Rxh4 Qxh4+ 34. Kf1 Nh5 35. Qf2 Qh3+ 36. Ke1 Ng3 37. Kd2 Rh6 38. Bc1 Rf6 39. Rg2 Rh6 40. Rg1 Rh7 41. Kd3 Bxg4 42. Bf1 Nxf1 43. Rxg4 Nh2 44. Rxg5 Nxf3 45. Rf5+ Bf6 46. Bxf4 Nd4+ 47. Be3 Nxf5 48. exf5 Bg5 49. Ne4 Qxe3+ 50. Qxe3 Bxe3 51. Kxe3 Rh3+ 52. Kd2 Ra3 53. Ng5+ Kf6 54. Ne6 Rxa4 55. Kc3 Kxf5 56. Nxc7 e4 57. Ne8 Ke5 58. Nc7 Ra2 0-1